Ecuaciones diferenciales
Uloženo v:
| Hlavní autoři: | , , |
|---|---|
| Médium: | Kniha |
| Jazyk: | španělština |
| Vydáno: |
Bogotá
Fondo Educativo Interamericano
1973
|
| Témata: | |
| Tagy: |
Přidat tag
Žádné tagy, Buďte první, kdo vytvoří štítek k tomuto záznamu!
|
MARC
| LEADER | 00000nam a2200000 a 4500 | ||
|---|---|---|---|
| 001 | UCV4012 | ||
| 003 | CL-VaPUC | ||
| 008 | 890412e19730000CK |||||||||||||||||spa|d | ||
| 082 | 0 | 4 | |a 515.35 |b KRE |2 21 |
| 100 | |a Kreider, Donald L |e author |9 423183 | ||
| 700 | 0 | |a Kuller, Robert Garlin |e author |9 298396 | |
| 700 | 0 | |a Ostberg, Donald R |e author |9 298397 | |
| 245 | 1 | 0 | |a Ecuaciones diferenciales |
| 300 | |a 486 p | ||
| 942 | |c BK | ||
| 945 | |d 19890412 00:00:00 |a mfernand | ||
| 260 | |a Bogotá |b Fondo Educativo Interamericano |c 1973 | ||
| 650 | 0 | |a Ecuaciones diferenciales |9 260083 | |
| 583 | |a last modification |c 19890412 00:00:00 |k Rodrigo Vera | ||
| 999 | |c 211063 |d 211061 | ||
| 952 | |0 0 |1 0 |2 ddc |4 0 |6 515_350000000000000_KRE_1973 |7 0 |8 A |9 188717 |a BIBING |b BIBING |c RES |d 2019-11-14 |i 2562928 |o 515.35 KRE 1973 |p 2562928 |r 2025-01-20 |w 2019-11-14 |y BK |k ING | ||
| 952 | |0 0 |1 0 |2 ddc |4 0 |6 515_350000000000000_KRE_1973 |7 0 |8 CCM |9 188720 |a BIBCUR |b BIBCUR |c PAC |d 2019-11-14 |i 305196K |o 515.35 KRE 1973 |p 305196K |r 2025-04-22 |w 2019-11-14 |y BK |k CIM | ||
| 952 | |0 0 |1 0 |2 ddc |4 0 |6 515_350000000000000_KRE_1973 |7 0 |8 A |9 188721 |a BIBING |b BIBING |c RES |d 2019-11-14 |i 306039K |o 515.35 KRE 1973 |p 306039K |r 2025-01-20 |w 2019-11-14 |y BK |k ING | ||
| 952 | |0 0 |1 0 |4 0 |6 515_350000000000000_KRE_1973 |7 0 |8 A |9 188731 |a BIBMAT |b BIBMAT |d 2019-11-14 |i 286830K |o 515.35 KRE 1973 |p 286830K |r 2025-01-07 |w 2019-11-14 |y BK |k MAT | ||
| 952 | |0 0 |1 0 |4 0 |6 515_350000000000000_KRE_1973 |7 0 |8 A |9 188732 |a BIBMAT |b BIBMAT |d 2019-11-14 |i 2873680 |o 515.35 KRE 1973 |p 2873680 |r 2025-01-07 |w 2019-11-14 |y BK |k MAT | ||
| 952 | |0 0 |1 0 |2 ddc |4 0 |6 515_350000000000000_KRE_1973 |7 0 |8 A |9 188733 |a BIBMEC |b BIBMEC |d 2019-11-14 |i 3458768 |o 515.35 KRE 1973 |p 3458768 |r 2024-01-19 |w 2019-11-14 |y BK_P |k MEC | ||
| 952 | |0 0 |1 0 |4 0 |6 515_350000000000000_KRE_1973 |7 0 |8 A |9 188734 |a BIBMAT |b BIBMAT |d 2019-11-14 |i 1308149 |l 1 |o 515.35 KRE 1973 |p 1308149 |r 2025-01-07 |s 2020-03-03 |w 2019-11-14 |y BK |k MAT | ||
| 952 | |0 0 |1 0 |4 0 |6 515_350000000000000_KRE_1973 |7 0 |8 A |9 188735 |a BIBMAT |b BIBMAT |d 2019-11-14 |i 130819K |o 515.35 KRE 1973 |p 130819K |r 2025-01-07 |w 2019-11-14 |y BK |k MAT | ||
| 952 | |0 0 |1 0 |4 0 |6 515_350000000000000_KRE_1973 |7 0 |8 A |9 188736 |a BIBMAT |b BIBMAT |d 2019-11-14 |i 1308513 |o 515.35 KRE 1973 |p 1308513 |r 2025-01-07 |w 2019-11-14 |y BK |k MAT | ||
| 952 | |0 0 |1 0 |2 ddc |4 0 |6 515_350000000000000_KRE_1973 |7 0 |8 A |9 188738 |a BIBMEC |b BIBMEC |d 2019-11-14 |i 1325078 |o 515.35 KRE 1973 |p 1325078 |r 2024-01-19 |w 2019-11-14 |y BK_P |k MEC | ||
| 952 | |0 0 |1 0 |2 ddc |4 0 |6 515_350000000000000_KRE_1973 |7 0 |8 A |9 188740 |a BIBMEC |b BIBMEC |d 2019-11-14 |i 1327615 |o 515.35 KRE 1973 |p 1327615 |r 2024-01-19 |w 2019-11-14 |y BK_P |k MEC | ||
| 952 | |0 0 |1 0 |4 0 |6 515_350000000000000_KRE_1973 |7 0 |8 A |9 188741 |a BIBMAT |b BIBMAT |d 2019-11-14 |i 1340239 |o 515.35 KRE 1973 |p 1340239 |r 2025-01-07 |w 2019-11-14 |y BK |k MAT | ||